000 00802nam a22002177a 4500
005 20250326151548.0
010 _aENG-144281
020 _a9788194357834
_c250.00
035 _aEN-127813
037 _bDBAD
082 _a954.56
_21
100 _aPereira, Melvil
_979950
245 _aChanging Contexts, Changing Customs;
_bThe Halams of Tripura/
_cMelvil Pereira....[et al.]
250 _a1
260 _aGUWAHATI
_bNorth Eastern Social Research Centre
_c2019
270 _aJagriti, (2nd floor) Arunodoi Path, GMCH Road, Christian Basti
_bGuwahati
_e781005
_mnesrcghy@gmail.com
300 _a228p.
_c21cm(pb)
490 _aWomen and Tribal Customary Law Series
_v6
700 _aJyotikona Chetia, Jekap Halam, [and] Jaya Rupini
_eAuthor
_979478
942 _2ddc
_cEN
_mPER
_h954.56
999 _c210523
_d210523